THE ADVNCED THEORY OF STATISTICS (Record no. 31578)

MARC details
000 -LEADER
fixed length control field 00485nam a22001697a 4500
003 - CONTROL NUMBER IDENTIFIER
control field OSt
005 - DATE AND TIME OF LATEST TRANSACTION
control field 20220224113000.0
008 - FIXED-LENGTH DATA ELEMENTS--GENERAL INFORMATION
fixed length control field 220224b |||||||| |||| 00| 0 eng d
040 ## - CATALOGING SOURCE
Transcribing agency HU
082 ## - DEWEY DECIMAL CLASSIFICATION NUMBER
Classification number 519.5
100 ## - MAIN ENTRY--PERSONAL NAME
Personal name KENDALL, MAURICE M.A., SC. D.
9 (RLIN) 31536
245 ## - TITLE STATEMENT
Title THE ADVNCED THEORY OF STATISTICS
Statement of responsibility, etc. ALAN STUART, D.SC.(ECON.) VOLUMES
250 ## - EDITION STATEMENT
Edition statement 3rd
260 ## - PUBLICATION, DISTRIBUTION, ETC.
Place of publication, distribution, etc. NEW YORK
Name of publisher, distributor, etc. HAFNER PUBLISHING COMPANY
Date of publication, distribution, etc. 1969
300 ## - PHYSICAL DESCRIPTION
Extent XII, 439P.
Other physical details ILL, HC
Dimensions 26cm.
942 ## - ADDED ENTRY ELEMENTS (KOHA)
Source of classification or shelving scheme Dewey Decimal Classification
Koha item type Books like text book referance book
Suppress in OPAC No
Holdings
Withdrawn status Lost status Source of classification or shelving scheme Damaged status Not for loan Collection code Home library Current library Shelving location Date acquired Total Checkouts Full call number Barcode Date last seen Copy number Price effective from Koha item type
    Dewey Decimal Classification     Reference Wondo Genet Library Wondo Genet Library General Stacks 02/24/2022   519.5 KEN 1969 WGCFNRL00012003 02/24/2022 1 02/24/2022 Books like text book referance book